000 00690nam a2200289Ia 4500
005 20260324135754.0
008 008 260324s9999 xx 000 0 eng d
020 _a9781315189529
037 _aEBOOK
040 _aCRL
040 _beng
040 _cCRL
041 _2eng
041 _aeng
084 _qCRL
100 _aMaurice Fitzgerald
_91201852
245 0 _aProtectionism to Liberalisation
245 0 _bIreland and the EEC, 1957 to 1966
260 _bTaylor and Francis
260 _c2000
365 _a
365 _b65.99
856 _uhttp://www.taylorfrancis.com/books/9781315189529
942 _cEBOOK
999 _c1803278
_d1803278